[Event "BL 1516 SG Solingen - OSG Baden Baden"]
[Site "?"]
[Date "2016.02.21"]
[Round "9.2"]
[White "Rapport, Richard"]
[Black "Aronian, Levon"]
[Result "1-0"]
[WhiteElo "2721"]
[BlackElo "2792"]
[PlyCount "173"]
[EventDate "2016.??.??"]

1. Nf3 d5 2. g3 Nf6 3. Bg2 e6 4. O-O Be7 5. d3 O-O 6. Nbd2 Nc6 7. d4 b6 8. b3
Bb7 9. Bb2 Na5 10. Ne5 c5 11. dxc5 Bxc5 12. Nd3 Be7 13. b4 Nc6 14. a3 Rc8 15.
Re1 a5 16. b5 Nb8 17. c4 Nbd7 18. Rc1 Nc5 19. Ne5 Ncd7 20. Nd3 Nc5 21. Ne5 Ncd7
22. Ndf3 Bc5 23. Qa4 Qc7 24. Nxd7 Qxd7 25. Ne5 Qe7 26. cxd5 Nxd5 27. Nd3 Bd6
28. e4 Nc7 29. Qd4 Ne8 30. Qxb6 Rxc1 31. Nxc1 Bc5 32. Qxa5 Nf6 33. Nd3 Ra8 34.
Qc3 Bb6 35. Nb4 h6 36. h3 Qd8 37. Qc2 Ra5 38. e5 Nd5 39. Nc6 Bxc6 40. Qxc6 Ne7
41. Qd6 Rxb5 42. Bd4 Nf5 43. Bxb6 Qxd6 44. exd6 Rxb6 45. d7 Rd6 46. a4 Rxd7 47.
a5 Ra7 48. Ra1 Kf8 49. a6 Ke7 50. Bf1 Kd6 51. Kg2 Nd4 52. f4 Nb3 53. Rd1+ Kc7
54. f5 exf5 55. Rd5 Kc6 56. Rxf5 Nc5 57. Kf3 Kb6 58. Bc4 f6 59. Rd5 Rc7 60.
Rd6+ Ka7 61. Bb5 Re7 62. h4 Ne4 63. Rd4 Nc5 64. Rd6 Ne4 65. Rd8 Nc5 66. Kg4 Kb6
67. Rb8+ Ka7 68. Rd8 Kb6 69. Rb8+ Ka7 70. Re8 Rc7 71. Re3 Kb6 72. Bf1 Nd7 73.
Re8 Ne5+ 74. Kf5 Ka7 75. h5 Kb6 76. Ke6 Rc6+ 77. Ke7 Rc7+ 78. Kf8 g6 79. Rxe5
fxe5 80. hxg6 Rc6 81. Kf7 Rc7+ 82. Kf6 Rc6+ 83. Kf5 e4 84. g7 Rc5+ 85. Kg6 Rg5+
86. Kxh6 Rxg3 87. Kh7 1-0

[Event "BL 1516 SG Solingen - OSG Baden Baden"]
[Site "?"]
[Date "2016.02.21"]
[Round "9.3"]
[White "Adams, Michael"]
[Black "Ragger, Markus"]
[Result "1/2-1/2"]
[WhiteElo "2744"]
[BlackElo "2682"]
[PlyCount "110"]
[EventDate "2016.??.??"]

1. e4 c5 2. Nf3 d6 3. d4 cxd4 4. Nxd4 Nf6 5. Nc3 a6 6. h3 e6 7. g4 Nfd7 8. g5
b6 9. a3 b5 10. Bd2 Nb6 11. Be3 Bb7 12. h4 N8d7 13. Bg2 Rc8 14. Nde2 Be7 15. b3
h6 16. Qd2 Qc7 17. Bd4 e5 18. Be3 hxg5 19. hxg5 Rxh1+ 20. Bxh1 f5 21. gxf6 Nxf6
22. Bg2 Nbd7 23. O-O-O Nc5 24. Bxc5 Qxc5 25. Kb2 a5 26. Ng3 g6 27. Nd5 b4 28.
a4 Kf7 29. Nxe7 Kxe7 30. Kb1 Rc6 31. Re1 Qc3 32. Qc1 Bc8 33. Re3 Qc5 34. Bf3
Be6 35. Qd2 Rc8 36. Be2 d5 37. Rf3 Nxe4 38. Nxe4 dxe4 39. Re3 Bf5 40. Bc4 Qd4
41. Qc1 Rd8 42. Be2 Rh8 43. Bc4 Kf6 44. Rg3 Kg7 45. Rg1 Qxf2 46. Qg5 Qc5 47.
Rf1 Rh5 48. Qd8 Rh8 49. Qg5 Qf8 50. Qg1 e3 51. Qxe3 Qe7 52. Qb6 Rd8 53. Qe3 Rh8
54. Qb6 Rd8 55. Qe3 Rh8 1/2-1/2

[Event "BL 1516 SG Solingen - OSG Baden Baden"]
[Site "?"]
[Date "2016.02.21"]
[Round "9.5"]
[White "Svidler, Peter"]
[Black "Smeets, Jan"]
[Result "1-0"]
[WhiteElo "2751"]
[BlackElo "2602"]
[PlyCount "99"]
[EventDate "2016.??.??"]

1. Nf3 d5 2. g3 Nf6 3. Bg2 c6 4. O-O Bf5 5. c4 e6 6. cxd5 cxd5 7. Qb3 Qc8 8. d3
Nc6 9. Bf4 Be7 10. Rc1 Qd7 11. Ne5 Nxe5 12. Bxe5 Rc8 13. Nc3 O-O 14. e4 dxe4
15. dxe4 Bg6 16. Rd1 Qc6 17. Bd6 Bxd6 18. e5 Qc5 19. exd6 b6 20. d7 Rcd8 21.
Qa4 Qc7 22. Nb5 Qc2 23. Qxc2 Bxc2 24. Rd2 Ba4 25. Nxa7 Rxd7 26. Rxd7 Bxd7 27.
Rc1 e5 28. Bb7 Rd8 29. Nc6 Re8 30. a4 Kf8 31. b4 Bc8 32. Bxc8 Rxc8 33. a5 bxa5
34. bxa5 Nd5 35. a6 Ne7 36. a7 Ra8 37. Nxe7 Kxe7 38. Rc7+ Ke6 39. Kf1 h5 40.
Ke2 g5 41. Kd3 f5 42. Kc4 f4 43. Kc5 Kf5 44. Kb6 e4 45. gxf4 gxf4 46. Kb7 Rxa7+
47. Kxa7 Kg4 48. Rc3 f3 49. Kb6 Kh3 50. Kc5 1-0

[Event "BL 1516 SG Solingen - OSG Baden Baden"]
[Site "?"]
[Date "2016.02.21"]
[Round "9.6"]
[White "Sandipan, Chanda"]
[Black "Kasimdzhanov, Rustam"]
[Result "1/2-1/2"]
[WhiteElo "2583"]
[BlackElo "2704"]
[PlyCount "85"]
[EventDate "2016.??.??"]

1. d4 d5 2. c4 e6 3. Nc3 Nf6 4. cxd5 exd5 5. Bg5 c6 6. Qc2 Be7 7. e3 Nbd7 8.
Bd3 Nh5 9. Bxe7 Qxe7 10. Nge2 g6 11. O-O-O Nb6 12. Kb1 Ng7 13. Nf4 Bf5 14. Ka1
O-O-O 15. a4 Kb8 16. Bxf5 Nxf5 17. Nd3 Nc4 18. b3 Ncd6 19. Rb1 Rc8 20. Rhc1
Rhd8 21. Qa2 Ka8 22. g3 f6 23. Rc2 g5 24. Rbc1 Kb8 25. Nc5 Ng7 26. b4 Ne6 27.
Nxe6 Qxe6 28. b5 Nc4 29. e4 cxb5 30. exd5 Qb6 31. Nxb5 Nd6 32. Rc5 Nxb5 33.
axb5 Rxc5 34. dxc5 Qxb5 35. d6 Rc8 36. Qc4 Qxc4 37. Rxc4 Rc6 38. Re4 Kc8 39.
Re8+ Kd7 40. Re7+ Kd8 41. Rxh7 Rxc5 42. Rxb7 Rd5 43. Rxa7 1/2-1/2

[Event "BL 1516 SG Solingen - OSG Baden Baden"]
[Site "?"]
[Date "2016.02.21"]
[Round "9.7"]
[White "Bacrot, Etienne"]
[Black "Nikolic, Predrag"]
[Result "1-0"]
[WhiteElo "2697"]
[BlackElo "2618"]
[PlyCount "75"]
[EventDate "2016.??.??"]

1. e4 d6 2. d4 Nf6 3. Nc3 g6 4. Be3 Bg7 5. h3 c6 6. g4 h5 7. g5 Ng8 8. a4 e6 9.
Nf3 Ne7 10. Bg2 O-O 11. O-O b6 12. Bf4 a5 13. Qd2 Na6 14. Bh2 Nb4 15. Rfd1 Ba6
16. Rac1 Qd7 17. Qe3 Rfd8 18. Ne2 Bb7 19. c3 Na6 20. b3 Qe8 21. c4 d5 22. Be5
dxe4 23. Qxe4 Qf8 24. Ng3 Nf5 25. Bxg7 Qxg7 26. Ne5 Nb4 27. Qf4 Nd6 28. c5 bxc5
29. dxc5 Nf5 30. Nxf5 exf5 31. Rd6 Rxd6 32. cxd6 Rd8 33. d7 Qf8 34. Qd4 Qe7 35.
f4 Ba6 36. Rd1 c5 37. Qd6 Kf8 38. Qf6 1-0

[Event "BL 1516 SG Solingen - OSG Baden Baden"]
[Site "?"]
[Date "2016.02.21"]
[Round "9.8"]
[White "Naumann, Alexander"]
[Black "Naiditsch, Arkadij"]
[Result "1/2-1/2"]
[WhiteElo "2545"]
[BlackElo "2702"]
[PlyCount "96"]
[EventDate "2016.??.??"]

1. d4 Nf6 2. c4 g6 3. Nf3 Bg7 4. g3 O-O 5. Bg2 d6 6. O-O Nc6 7. Nc3 e5 8. d5
Nb8 9. e4 a5 10. Ne1 Na6 11. Nd3 Nd7 12. Be3 f5 13. Qd2 Nac5 14. Nxc5 Nxc5 15.
Rae1 b6 16. f4 Ba6 17. b3 Qf6 18. Rc1 Rae8 19. exf5 Qxf5 20. fxe5 Qxe5 21.
Rxf8+ Rxf8 22. Nb5 Bxb5 23. cxb5 Qe8 24. Bf1 Ne4 25. Qd3 Nc5 26. Qd2 Rf5 27.
Bh3 Re5 28. Bxc5 dxc5 29. Be6+ Kh8 30. Re1 Qxb5 31. Rxe5 Bxe5 32. Kg2 Kg7 33.
Qf2 Bf6 34. Qf4 Qe2+ 35. Qf2 Qe4+ 36. Qf3 Qc2+ 37. Qf2 Qb1 38. h4 c4 39. bxc4
Qe4+ 40. Qf3 Qxc4 41. g4 Bxh4 42. g5 Qxa2+ 43. Kh3 Qf2 44. Qc3+ Kf8 45. Qa3+
Ke8 46. Qa4+ Kf8 47. Qa3+ Ke8 48. Qa4+ Kf8 1/2-1/2

[Event "BL 1516 SG Turm Trier - Bayern München"]
[Site "?"]
[Date "2016.02.21"]
[Round "9.1"]
[White "Bezold, Michael"]
[Black "Erdos, Viktor"]
[Result "1/2-1/2"]
[WhiteElo "2507"]
[BlackElo "2613"]
[PlyCount "56"]
[EventDate "2016.??.??"]

1. c4 g6 2. g3 Bg7 3. Bg2 c5 4. Nc3 e6 5. e3 Nc6 6. Nge2 Nge7 7. d4 cxd4 8.
Nxd4 d5 9. cxd5 Nxd4 10. exd4 Nxd5 11. Nxd5 exd5 12. O-O O-O 13. Be3 Be6 14.
Qd2 Qb6 15. Rfc1 Rfc8 16. h4 h5 17. Bf3 Bf6 18. Kg2 Rc6 19. Rxc6 bxc6 20. Rc1
a5 21. b3 Bd7 22. Bd1 Qb4 23. Qc3 Re8 24. Bf3 Ra8 25. Bd1 Kg7 26. Bf3 Rb8 27.
Bd1 Qxc3 28. Rxc3 Ra8 1/2-1/2

[Event "BL 1516 SG Turm Trier - Bayern München"]
[Site "?"]
[Date "2016.02.21"]
[Round "9.2"]
[White "Lupulescu, Constantin"]
[Black "Gabriel, Christian"]
[Result "1/2-1/2"]
[WhiteElo "2623"]
[BlackElo "2496"]
[PlyCount "59"]
[EventDate "2016.??.??"]

1. c4 e5 2. Nc3 Nf6 3. Nf3 Nc6 4. a3 g6 5. g3 Bg7 6. Bg2 O-O 7. O-O d6 8. d3 h6
9. Rb1 Be6 10. b4 a6 11. h3 Qd7 12. Kh2 Rab8 13. a4 a5 14. b5 Nb4 15. e4 c5 16.
Ne1 Qd8 17. Nc2 Nd7 18. Ne3 f5 19. exf5 gxf5 20. Ned5 Nf6 21. f4 Nfxd5 22. Nxd5
b6 23. Be3 Nxd5 24. cxd5 Bd7 25. Qf3 Qf6 26. Rbe1 Rbe8 27. Bc1 Qg6 28. Re2 Re7
29. Rfe1 Rfe8 30. Qf2 1/2-1/2

[Event "BL 1516 SG Turm Trier - Bayern München"]
[Site "?"]
[Date "2016.02.21"]
[Round "9.3"]
[White "Schenk, Andreas"]
[Black "Parligras, Mircea-Emilian"]
[Result "1/2-1/2"]
[WhiteElo "2478"]
[BlackElo "2591"]
[PlyCount "41"]
[EventDate "2016.??.??"]

1. d4 Nf6 2. c4 e6 3. Nf3 d5 4. Nc3 Be7 5. Bf4 O-O 6. e3 Nbd7 7. Be2 dxc4 8.
Bxc4 c5 9. O-O cxd4 10. Qxd4 Nb6 11. Bb3 Qxd4 12. Nxd4 Bd7 13. Rac1 Rfc8 14.
Ncb5 Rxc1 15. Rxc1 Rc8 16. Rxc8+ Nxc8 17. Kf1 Ne4 18. Bc2 Ned6 19. Nxd6 Nxd6
20. Ke2 g6 21. Bb3 1/2-1/2

[Event "BL 1516 SG Turm Trier - Bayern München"]
[Site "?"]
[Date "2016.02.21"]
[Round "9.4"]
[White "Graf, Felix"]
[Black "Fedorovsky, Michael"]
[Result "1/2-1/2"]
[WhiteElo "2479"]
[BlackElo "2463"]
[PlyCount "92"]
[EventDate "2016.??.??"]

1. d4 Nf6 2. Nf3 e6 3. e3 d5 4. Bd3 c5 5. b3 b6 6. O-O Bd6 7. Bb2 O-O 8. Ne5
Bb7 9. Nd2 Nc6 10. a3 Qc7 11. f4 cxd4 12. exd4 Ne7 13. Qe2 Rac8 14. Rf2 b5 15.
c3 a6 16. a4 bxa4 17. Rxa4 a5 18. Rf1 Qb6 19. Rfa1 Ra8 20. c4 Bb4 21. c5 Qc7
22. Ndf3 h6 23. Ba3 Ne4 24. Bxb4 axb4 25. Rxa8 Bxa8 26. Bc2 f6 27. Nd3 Nc6 28.
Qe1 Rb8 29. Ra4 Kf7 30. h4 Nc3 31. Ra1 Ne4 32. Ra4 Nc3 33. Ra1 Ne4 34. h5 Bb7
35. Nxb4 Nxb4 36. Qxb4 Qxf4 37. Qe1 Bc6 38. Ra6 Bb5 39. Ra7+ Kg8 40. Nh4 Ng5
41. Ng6 Qxd4+ 42. Qf2 Qg4 43. Ne7+ Kf8 44. Ng6+ Kg8 45. Ne7+ Kf8 46. Ng6+ Kg8
1/2-1/2

[Event "BL 1516 SG Turm Trier - Bayern München"]
[Site "?"]
[Date "2016.02.21"]
[Round "9.5"]
[White "Mesaros, Florian"]
[Black "Haslinger, Stewart G"]
[Result "0-1"]
[WhiteElo "2290"]
[BlackElo "2508"]
[PlyCount "110"]
[EventDate "2016.??.??"]

1. Nf3 d5 2. d4 Nf6 3. c4 c6 4. e3 g6 5. Nc3 Bg7 6. Be2 O-O 7. O-O a6 8. b3 Bg4
9. h3 Bxf3 10. Bxf3 e6 11. Bb2 Nbd7 12. Qc2 Rc8 13. Rad1 Re8 14. e4 dxe4 15.
Nxe4 Nxe4 16. Bxe4 f5 17. Bf3 e5 18. dxe5 Qc7 19. Rfe1 Nxe5 20. Re3 Nxf3+ 21.
Rxf3 Bxb2 22. Qxb2 Rcd8 23. Rxd8 Qxd8 24. Re3 Qd1+ 25. Kh2 Qd6+ 26. Kg1 Qd1+
27. Kh2 Qd6+ 28. Kg1 Rxe3 29. fxe3 c5 30. Qc3 b6 31. a4 a5 32. Kf2 h5 33. h4 f4
34. Kf3 Qd1+ 35. Kf2 Qg4 36. Qf6 fxe3+ 37. Kxe3 Qg3+ 38. Kd2 Qxg2+ 39. Kc1 Qh1+
40. Kb2 Qb7 41. Ka2 Kh7 42. Kb1 Qe4+ 43. Kc1 Qe3+ 44. Kc2 Qe4+ 45. Kc1 Qd4 46.
Qxb6 Qxh4 47. Qxc5 Qf4+ 48. Kd1 h4 49. Ke2 h3 50. Qf2 g5 51. Qxf4 gxf4 52. Kf3
Kg6 53. c5 Kf6 54. b4 axb4 55. a5 h2 0-1

[Event "BL 1516 SG Turm Trier - Bayern München"]
[Site "?"]
[Date "2016.02.21"]
[Round "9.6"]
[White "Seger, Ruediger"]
[Black "Dragnev, Valentin"]
[Result "1/2-1/2"]
[WhiteElo "2364"]
[BlackElo "2421"]
[PlyCount "167"]
[EventDate "2016.??.??"]

1. e4 e5 2. Nf3 Nc6 3. d4 exd4 4. Nxd4 Bb4+ 5. Nc3 Nf6 6. Nxc6 bxc6 7. Bd3 d5
8. exd5 O-O 9. O-O cxd5 10. h3 Re8 11. Qf3 c6 12. Ne2 Nd7 13. Qf4 Bf8 14. Ng3
Ne5 15. Qa4 Nxd3 16. cxd3 c5 17. Bd2 Bd7 18. Qf4 Rb8 19. b3 a5 20. d4 c4 21.
Qf3 Be6 22. Nh5 f6 23. Rfe1 Bf7 24. Rxe8 Qxe8 25. Nf4 Qb5 26. Rc1 Rd8 27. h4 a4
28. bxc4 dxc4 29. Bc3 Bd6 30. d5 Re8 31. Rd1 Qc5 32. Nh5 Be5 33. Bxe5 Rxe5 34.
Nf4 Qd6 35. g3 Re8 36. Qc3 Rc8 37. Re1 Qc5 38. Rd1 Qb5 39. Rd2 Qb1+ 40. Kh2 Qf5
41. a3 Qb1 42. d6 Qb5 43. Qd4 Qd7 44. h5 Rc6 45. Ne2 Rc8 46. Nf4 Rc6 47. Ne2
Kf8 48. h6 Rc8 49. hxg7+ Kxg7 50. Nc3 Qf5 51. Ne4 Be6 52. d7 Rd8 53. Nc5 Bxd7
54. Nxd7 c3 55. Qxc3 Rxd7 56. Rxd7+ Qxd7 57. Qc5 Kg6 58. Kg2 Qb7+ 59. Kg1 Qe4
60. Kf1 h5 61. Kg1 Qe2 62. Kg2 Qe4+ 63. Kg1 f5 64. Qd6+ Kg5 65. Qd8+ Kg6 66.
Qd6+ Kf7 67. Qd7+ Kf6 68. Qd6+ Kg7 69. Qd7+ Kh6 70. Qd6+ Kg5 71. Qd8+ Kg6 72.
Qd6+ Kg5 73. Qd8+ Kg6 74. Qd6+ Kg5 75. Qd8+ Kg6 76. Qd6+ Kf7 77. Qd7+ Kf6 78.
Qd6+ Kg7 79. Qd7+ Kh6 80. Qd6+ Kg5 81. Qd8+ Kg6 82. Qd6+ Kf7 83. Qd7+ Kf6 84.
Qd6+ 1/2-1/2

[Event "BL 1516 SG Turm Trier - Bayern München"]
[Site "?"]
[Date "2016.02.21"]
[Round "9.7"]
[White "Belezky, Alexander"]
[Black "Kolbus, Dietmar"]
[Result "1/2-1/2"]
[WhiteElo "2452"]
[BlackElo "2304"]
[PlyCount "115"]
[EventDate "2016.??.??"]

1. Nf3 d5 2. g3 c6 3. Bg2 g6 4. d3 Bg7 5. O-O e5 6. e4 dxe4 7. dxe4 Qxd1 8.
Rxd1 f6 9. a4 Nh6 10. Nfd2 Nf7 11. Nc4 O-O 12. Nba3 Re8 13. Bd2 Bf8 14. b4 Bg4
15. f3 Be6 16. Bf1 Be7 17. Na5 b6 18. Nb3 Nd7 19. Bc4 Nf8 20. c3 Nd6 21. Bxe6+
Nxe6 22. Be3 Nf8 23. a5 Rab8 24. axb6 axb6 25. Nd2 b5 26. Nc2 Ra8 27. Rxa8 Rxa8
28. Ra1 Rxa1+ 29. Nxa1 Kf7 30. Nab3 Ke8 31. Na5 Kd7 32. Kf2 Ne6 33. Ke2 Kc7 34.
Kd3 Nb7 35. Nxb7 Kxb7 36. Nb3 Kc7 37. Bd2 c5 38. bxc5 Nxc5+ 39. Nxc5 Bxc5 40.
c4 Kc6 41. Kc3 Bd4+ 42. Kb4 bxc4 43. Kxc4 Bg1 44. h3 Kd7 45. Kd5 Bf2 46. g4 g5
47. Bb4 Bg3 48. Bd6 Bf2 49. Bb4 Bg3 50. Bc5 Be1 51. Be3 Bg3 52. Bg1 Be1 53. Kc4
Ke6 54. Kd3 Bg3 55. Ke2 Kd6 56. Bb6 Kd7 57. Kf1 Bh4 58. Ke2 1/2-1/2

[Event "BL 1516 SG Turm Trier - Bayern München"]
[Site "?"]
[Date "2016.02.21"]
[Round "9.8"]
[White "Cioara, Andrei-Nestor"]
[Black "Stangl, Markus"]
[Result "1-0"]
[WhiteElo "2419"]
[BlackElo "2435"]
[PlyCount "131"]
[EventDate "2016.??.??"]

1. Nf3 c5 2. g3 b6 3. Bg2 Bb7 4. O-O Nf6 5. c4 e6 6. Nc3 a6 7. d4 cxd4 8. Qxd4
d6 9. Rd1 Nbd7 10. Ng5 Bxg2 11. Kxg2 Rc8 12. Nge4 Rc6 13. b3 Be7 14. Ba3 Nc5
15. Rac1 Qa8 16. f3 O-O 17. Nf2 Rfc8 18. Bb2 b5 19. cxb5 axb5 20. Nxb5 Qxa2 21.
Ra1 Qxb3 22. Na7 Qb7 23. Nxc8 Rxc8 24. Rdb1 Qd7 25. Bc3 h6 26. Ng4 Kh7 27. Ra3
Ne8 28. Bb4 f5 29. Ne5 Qb5 30. Qc4 Rb8 31. Qxb5 Rxb5 32. Nc6 Bf6 33. Ra8 Rb6
34. Rxe8 Rxc6 35. Rc1 e5 36. Ra8 Bg5 37. Rc2 Be3 38. Ra3 f4 39. Bd2 Bxd2 40.
Rxd2 g5 41. h4 Kg6 42. Rda2 gxh4 43. gxf4 exf4 44. Rd2 Kf6 45. Rd5 Ne6 46. Rad3
Ng7 47. Rxd6+ Rxd6 48. Rxd6+ Kg5 49. Kh3 Nf5 50. Rd8 h5 51. Rg8+ Kf6 52. Rg1
Nd4 53. Rg2 Nf5 54. Rg8 Ne7 55. Rg2 Nf5 56. Rg1 Nd4 57. Kxh4 Nxe2 58. Rd1 Ng3
59. Rd5 Ke6 60. Ra5 Kf6 61. Ra6+ Kf5 62. Rb6 Ne2 63. Rb5+ Kg6 64. Rg5+ Kf6 65.
Rxh5 Nd4 66. Kg4 1-0

[Event "BL 1516 SV Hockenheim - Schwäbisch Hal"]
[Site "?"]
[Date "2016.02.21"]
[Round "9.1"]
[White "Li, Chao"]
[Black "Wagner, Dennis"]
[Result "1/2-1/2"]
[WhiteElo "2751"]
[BlackElo "2585"]
[PlyCount "86"]
[EventDate "2016.??.??"]

1. d4 Nf6 2. c4 g6 3. Nc3 d5 4. cxd5 Nxd5 5. g3 Bg7 6. Bg2 Nxc3 7. bxc3 c5 8.
Nf3 Nc6 9. Be3 O-O 10. O-O cxd4 11. Nxd4 Na5 12. Qd3 a6 13. c4 Qc7 14. Rac1 Re8
15. Rfd1 Bg4 16. h3 Bd7 17. Nb5 axb5 18. Qxd7 Qxd7 19. Rxd7 Nxc4 20. Bc5 Rxa2
21. e3 Bb2 22. Rb1 Ba3 23. Rxb5 Bxc5 24. Rxc5 Nd6 25. Bd5 Rd2 26. e4 e6 27.
Rxd6 exd5 28. Rc7 Rd3 29. Rf6 Rf8 30. e5 b5 31. Rb7 Rd1+ 32. Kg2 Re1 33. Re7 b4
34. Rb6 d4 35. Rxb4 Rd8 36. Rbb7 d3 37. Rxf7 d2 38. Rg7+ Kh8 39. Rxh7+ Kg8 40.
Rbg7+ Kf8 41. Rf7+ Kg8 42. Rfg7+ Kf8 43. Rc7 Kg8 1/2-1/2

[Event "BL 1516 SV Hockenheim - Schwäbisch Hal"]
[Site "?"]
[Date "2016.02.21"]
[Round "9.2"]
[White "Saric, Ivan"]
[Black "Rodshtein, Maxim"]
[Result "1/2-1/2"]
[WhiteElo "2646"]
[BlackElo "2708"]
[PlyCount "48"]
[EventDate "2016.??.??"]

1. e4 c6 2. d4 d5 3. e5 Bf5 4. Nf3 e6 5. Be2 Ne7 6. O-O h6 7. a4 c5 8. Na3 Nec6
9. c4 Be4 10. Nb5 Nd7 11. Bf4 Be7 12. Nc3 cxd4 13. Nxd4 Ndxe5 14. Nxc6 Nxc6 15.
f3 Bh7 16. cxd5 exd5 17. Nxd5 O-O 18. Bc7 Bc2 19. Bxd8 Bc5+ 20. Kh1 Bxd1 21.
Rfxd1 Rfxd8 22. Bc4 Rac8 23. Rac1 Kf8 24. g3 Nb4 1/2-1/2

[Event "BL 1516 SV Hockenheim - Schwäbisch Hal"]
[Site "?"]
[Date "2016.02.21"]
[Round "9.3"]
[White "Laznicka, Viktor"]
[Black "Balogh, Csaba"]
[Result "1-0"]
[WhiteElo "2664"]
[BlackElo "2643"]
[PlyCount "90"]
[EventDate "2016.??.??"]

1. c4 e5 2. g3 Nc6 3. Bg2 f5 4. Nc3 Nf6 5. Nf3 Bb4 6. O-O Bxc3 7. bxc3 O-O 8.
c5 d5 9. cxd6 cxd6 10. c4 f4 11. d3 fxg3 12. hxg3 Bg4 13. Be3 Qd7 14. Qd2 Bh3
15. Bxh3 Qxh3 16. Ng5 Qd7 17. Kg2 d5 18. cxd5 Qxd5+ 19. f3 h6 20. Ne4 Nxe4 21.
dxe4 Qxd2 22. Bxd2 Rfd8 23. Bc3 b5 24. Rab1 Rab8 25. Rfc1 Rb6 26. Be1 b4 27.
Rc5 a5 28. Rbc1 Rd6 29. Rd5 Rxd5 30. exd5 Nd4 31. f4 Rb5 32. e3 Nf5 33. e4 Nd6
34. Kf3 exf4 35. Kxf4 a4 36. Ke5 Nf7+ 37. Kd4 Ng5 38. Bd2 b3 39. axb3 Nf3+ 40.
Kc4 Rb7 41. Bc3 axb3 42. Kd3 Rb5 43. Bb2 g5 44. Rc7 Rb8 45. d6 Rb4 1-0

[Event "BL 1516 SV Hockenheim - Schwäbisch Hal"]
[Site "?"]
[Date "2016.02.21"]
[Round "9.4"]
[White "Moiseenko, Alexander"]
[Black "Postny, Evgeny"]
[Result "1/2-1/2"]
[WhiteElo "2673"]
[BlackElo "2668"]
[PlyCount "56"]
[EventDate "2016.??.??"]

1. d4 d5 2. c4 c6 3. Nc3 Nf6 4. e3 g6 5. Nf3 Bg7 6. Bd3 O-O 7. O-O Bg4 8. h3
Bxf3 9. Qxf3 e6 10. Rd1 Nbd7 11. Rb1 a6 12. b3 Re8 13. Bb2 Qe7 14. Bf1 Rad8 15.
Rbc1 h5 16. a3 Nf8 17. b4 N8d7 18. Rc2 Nb6 19. b5 cxb5 20. cxb5 a5 21. Rdc1 Qd6
22. Qd1 Rc8 23. Bd3 Nfd7 24. Nb1 Rxc2 25. Rxc2 e5 26. dxe5 Bxe5 27. Bxe5 Qxe5
28. Be2 Qe4 1/2-1/2

[Event "BL 1516 SV Hockenheim - Schwäbisch Hal"]
[Site "?"]
[Date "2016.02.21"]
[Round "9.5"]
[White "Michalik, Peter"]
[Black "Buhmann, Rainer"]
[Result "1-0"]
[WhiteElo "2574"]
[BlackElo "2633"]
[PlyCount "135"]
[EventDate "2016.??.??"]

1. d4 Nf6 2. c4 e6 3. Nc3 d5 4. cxd5 exd5 5. Bg5 c6 6. e3 Be7 7. Bd3 Nbd7 8.
Nf3 Nh5 9. Bxe7 Qxe7 10. Qc2 g6 11. O-O-O Nb6 12. h3 Ng7 13. Rhe1 Be6 14. Nd2
O-O-O 15. Nb3 Kb8 16. Nc5 Bc8 17. Kb1 Rhe8 18. Ne2 Qg5 19. Nf4 Qf6 20. Bf1 Bf5
21. Nfd3 Nd7 22. Nb3 Qd6 23. Ka1 Ne6 24. Qc3 Bxd3 25. Bxd3 Rc8 26. Rc1 c5 27.
dxc5 Ndxc5 28. Nxc5 Nxc5 29. Qb4 Red8 30. Bb1 Rc6 31. Red1 Rdc8 32. Rc3 Qe5 33.
Rdc1 b6 34. Qd4 f6 35. f4 Qe6 36. f5 gxf5 37. Qf4+ Qe5 38. Bxf5 Qxf4 39. exf4
d4 40. R3c2 d3 41. Rc3 Rd8 42. b4 Nb3+ 43. axb3 Rxc3 44. Rxc3 d2 45. Bc2 d1=Q+
46. Bxd1 Rxd1+ 47. Kb2 Rd4 48. g3 Rd2+ 49. Ka3 h5 50. b5 Rd4 51. h4 Kb7 52. Rc6
Rd3 53. Rxf6 Rxg3 54. Rf7+ Kc8 55. Kb4 Rg4 56. Kc4 Rxh4 57. Kd5 Rh3 58. Rxa7
Rc3 59. f5 Kd8 60. Ke6 Re3+ 61. Kd6 Rd3+ 62. Kc6 h4 63. Rh7 h3 64. b4 Rf3 65.
Rh8+ Ke7 66. Kxb6 Kf6 67. Kc5 Rxf5+ 68. Kc6 1-0

[Event "BL 1516 SV Hockenheim - Schwäbisch Hal"]
[Site "?"]
[Date "2016.02.21"]
[Round "9.6"]
[White "Baramidze, David"]
[Black "Bai, Jinshi"]
[Result "1/2-1/2"]
[WhiteElo "2596"]
[BlackElo "2501"]
[PlyCount "81"]
[EventDate "2016.??.??"]

1. d4 Nf6 2. c4 g6 3. Nc3 d5 4. cxd5 Nxd5 5. e4 Nxc3 6. bxc3 Bg7 7. Nf3 c5 8.
Rb1 O-O 9. Be2 Nc6 10. d5 Ne5 11. Nxe5 Bxe5 12. Qd2 e6 13. f4 Bg7 14. c4 exd5
15. cxd5 Bd4 16. Bb2 Qb6 17. Bd3 c4 18. Bxc4 Re8 19. Qxd4 Qxd4 20. Bxd4 Rxe4+
21. Kd2 Rxd4+ 22. Kc3 Rxf4 23. d6 Be6 24. Bxe6 fxe6 25. Rxb7 Rf7 26. Rhb1 Rd8
27. Rxf7 Kxf7 28. Rb7+ Kf6 29. Rxh7 Rxd6 30. Rxa7 Rd1 31. Ra4 e5 32. h4 Rh1 33.
Rg4 Kf5 34. Rg5+ Kf6 35. Rg4 Kf5 36. Rb4 e4 37. a4 Rd1 38. Rb2 e3 39. a5 Ra1
40. Kd3 Rxa5 41. Kxe3 1/2-1/2

[Event "BL 1516 SV Hockenheim - Schwäbisch Hal"]
[Site "?"]
[Date "2016.02.21"]
[Round "9.7"]
[White "Zeller, Frank"]
[Black "Banusz, Tamas"]
[Result "0-1"]
[WhiteElo "2394"]
[BlackElo "2616"]
[PlyCount "192"]
[EventDate "2016.??.??"]

1. e4 e5 2. Nf3 Nc6 3. Bc4 Bc5 4. b4 Bxb4 5. c3 Ba5 6. d4 d6 7. Qb3 Qd7 8. O-O
Bb6 9. Nbd2 Na5 10. Qc2 Nxc4 11. Nxc4 Qc6 12. Qd3 f5 13. exf5 e4 14. Qe2 Bxf5
15. a4 Ne7 16. Ng5 h6 17. a5 hxg5 18. Bxg5 Nd5 19. Ne3 Nxc3 20. Qc2 Bxd4 21.
Nxf5 Be5 22. f4 Qc5+ 23. Kh1 Bf6 24. Ng3 Bxg5 25. fxg5 O-O-O 26. h3 Qe5 27. Kh2
d5 28. Rf5 Qd4 29. a6 b5 30. Rc1 b4 31. Ne2 Qc4 32. Nxc3 bxc3 33. Qb1 Qc6 34.
Rxc3 Qxa6 35. Rb3 Qd6+ 36. Kh1 Rdf8 37. Rb8+ Kd7 38. Qb5+ Ke6 39. Rfxf8 Rxf8
40. Re8+ Kf7 41. g6+ Kxg6 42. Rxf8 Qxf8 43. Qxd5 Qf1+ 44. Kh2 Qf4+ 45. Kh1 e3
46. Qe6+ Kh7 47. Qe8 g6 48. Qe7+ Kh6 49. Qe8 a5 50. Qh8+ Kg5 51. Qd8+ Qf6 52.
h4+ Kf5 53. Qd3+ Kf4 54. Qf1+ Ke5 55. Qb5+ Ke4 56. Qb1+ Kd5 57. Qb3+ Kc6 58.
Qxe3 Qxh4+ 59. Kg1 Qh5 60. Qe8+ Kb7 61. Qe4+ Kb6 62. Qe6+ c6 63. Qg8 Qc5+ 64.
Kh1 g5 65. Qb8+ Ka6 66. Qc8+ Kb5 67. Qb7+ Ka4 68. Qb2 Qd5 69. Kh2 Qd6+ 70. g3
Qd5 71. Kh3 Qe6+ 72. Kh2 g4 73. Qc2+ Kb5 74. Qb1+ Ka6 75. Qd3+ Kb6 76. Qb1+ Kc7
77. Qh7+ Qd7 78. Qe4 Qd2+ 79. Kg1 Qd1+ 80. Kh2 Qf3 81. Qe5+ Kb6 82. Qb2+ Ka6
83. Qb8 a4 84. Qa8+ Kb5 85. Qb7+ Kc4 86. Qa6+ Kb3 87. Qb6+ Ka2 88. Qc7 a3 89.
Qe5 Qf2+ 90. Kh1 Qf1+ 91. Kh2 Qc4 92. Qc7 c5 93. Kh1 Qe4+ 94. Kg1 c4 95. Qf7
Qe3+ 96. Kh2 Qb3 0-1

[Event "BL 1516 SV Hockenheim - Schwäbisch Hal"]
[Site "?"]
[Date "2016.02.21"]
[Round "9.8"]
[White "Braun, Arik"]
[Black "Pogan, Nikolas"]
[Result "1-0"]
[WhiteElo "2567"]
[BlackElo "2279"]
[PlyCount "53"]
[EventDate "2016.??.??"]

1. Nf3 c5 2. c4 Nc6 3. g3 g6 4. Bg2 Bg7 5. O-O e5 6. Nc3 d6 7. Ne1 Nge7 8. Nc2
Be6 9. Nd5 O-O 10. Rb1 a5 11. Nce3 Rb8 12. d3 f5 13. a3 f4 14. Nc2 g5 15. b4 b6
16. e3 fxg3 17. hxg3 Qd7 18. b5 Nd8 19. e4 h6 20. Nce3 Nxd5 21. cxd5 Bh3 22.
Qh5 Bxg2 23. Kxg2 Qf7 24. Qg4 h5 25. Qe2 g4 26. Nf5 Nb7 27. Bh6 1-0

[Event "BL 1516 SV Griesheim - Erfurter SK"]
[Site "?"]
[Date "2016.02.21"]
[Round "9.1"]
[White "Romanov, Evgeny"]
[Black "Bulski, Krzysztof"]
[Result "1/2-1/2"]
[WhiteElo "2617"]
[BlackElo "2527"]
[PlyCount "152"]
[EventDate "2016.??.??"]

1. d4 Nf6 2. Nf3 g6 3. Nc3 d5 4. Bf4 Bg7 5. Nb5 Na6 6. e3 O-O 7. Be2 c6 8. Nc3
Nc7 9. Ne5 Nd7 10. h4 Ne6 11. Nxd7 Bxd7 12. Be5 f6 13. Bh2 f5 14. h5 b5 15.
hxg6 hxg6 16. Bf3 Ng5 17. Ne2 Qa5+ 18. Kf1 Kf7 19. Nc1 Rh8 20. Ke2 Rh7 21. Nb3
Qb6 22. Bg3 Rxh1 23. Qxh1 Ne6 24. Qd1 Bc8 25. Kf1 a5 26. Nc1 b4 27. Nd3 Ba6 28.
Kg1 Bxd3 29. Qxd3 Ng5 30. c4 bxc3 31. Qxc3 Nxf3+ 32. gxf3 c5 33. dxc5 Qxb2 34.
Qxb2 Bxb2 35. Rb1 Ba3 36. c6 Rc8 37. c7 Ke6 38. Rb8 Kd7 39. Rb5 Bd6 40. Rxd5
Ke6 41. Rxa5 Bxg3 42. fxg3 Rxc7 43. f4 Kf7 44. Kf2 Rc2+ 45. Kf3 Kg7 46. g4 Kf6
47. Ra6+ Kf7 48. a4 Ra2 49. a5 Kg7 50. Kg3 Kf7 51. gxf5 gxf5 52. Kh4 Ra3 53.
Kg5 Rxe3 54. Kxf5 e6+ 55. Kg4 Ra3 56. Ra8 Kf6 57. a6 Kg6 58. Kh4 Kf6 59. Kg4
Kg6 60. a7 Kg7 61. Kh4 Kh7 62. Kg5 Kg7 63. Re8 Rxa7 64. Rxe6 Ra1 65. Re7+ Kf8
66. Kf6 Rf1 67. Re4 Rh1 68. Re6 Rh4 69. f5 Rh1 70. Kg6 Rg1+ 71. Kf6 Rh1 72. Re5
Rh6+ 73. Kg5 Rb6 74. f6 Rb1 75. Kf5 Kf7 76. Re7+ Kf8 1/2-1/2